000 00927nam a2200253Ia 4500
003 GCL
008 140319s9999 xx 000 0 ara d
040 _aGCL /
_cGCL
082 0 4 _a364.142
_bم ت
100 1 _aمصطفى سويف
245 1 0 _aتعاطى المواد المؤثرة فى الاعصاب بين الطلاب: دراسات ميدانية فى الواقع المصرى /
_cمصطفى سويف
260 _a[S.N] :
_bالمركز القومى للبحوث الاجتماعية والجنائي ،
_c1990
300 _a190 ص
490 _a
650 0 4 _aالمخدرات والشباب
650 0 4 _aالمخدرات
650 0 4 _aمكافحة المخدرات
650 0 4 _aالعقاقير والشباب
650 0 4 _aالمخدرات والجريمة
650 0 4 _aالمشروبات الروحية
650 0 4 _aمكافحة الادمان
650 0 4 _aالمنبهات
942 _2ddc
_cBK
999 _c52410
_d52410